000 00816cab a2200241 4500
001 WB3338-41
008 090401t1997 xxu||||| |||| 00| 0 eng d
035 _a(Sirsi) u81218
041 _aeng
245 _aRICS CD-ROM
260 _c1997
350 _a0
490 _aRICS Press Release
_v(pr98.corp) 1 October 1997 (2)
520 _aA new RICS careers CD-Rom, Careers in Land, Property and Construction is launched. It will be distributed to schools and career services. Available free of charge (0171-222 7000 Sarah Pinder, e-mail [email protected])
650 _aCAREERS, EDUCATION AND TRAINING
650 _aCD-ROM
650 _aBUILT ENVIRONMENT
650 _aLAND
650 _aPROPERTY
690 _aMANAGEMENT-BUSINESS MANAGEMENT-PROFESSIONAL PRACTICE
942 _n0
948 _c02/10/1997
999 _c51184
_d51184